MARC details
| 000 -CABECERA |
| campo de control de longitud fija |
00974cam a2200277 a 4500 |
| 001 - NÚMERO DE CONTROL |
| campo de control |
000013375 |
| 005 - FECHA Y HORA DE LA ÚLTIMA TRANSACCIÓN |
| campo de control |
20250211105815.0 |
| 008 - DATOS DE LONGITUD FIJA--INFORMACIÓN GENERAL |
| campo de control de longitud fija |
751029s1961 mx a b 001 0 spa |
| 035 ## - NÚMERO DE CONTROL DEL SISTEMA |
| Número de control de sistema |
(DLC) 62046643 |
| 035 ## - NÚMERO DE CONTROL DEL SISTEMA |
| Número de control de sistema |
(OCoLC)1744243 |
| 040 ## - FUENTE DE LA CATALOGACIÓN |
| Centro catalogador/agencia de origen |
DO-SdBNP |
| Centro/agencia transcriptor |
FU |
| Centro/agencia modificador |
PPiU |
| -- |
DLC |
| -- |
BNPHU |
| 082 ## - NÚMERO DE LA CLASIFICACIÓN DECIMAL DEWEY |
| Número de clasificación |
338.1 |
| Número de documento/Ítem |
F634t |
| 049 ## - FONDOS LOCALES (OCLC) |
| Fondos de biblioteca |
BNGR |
| 100 1# - ENTRADA PRINCIPAL--NOMBRE DE PERSONA |
| Nombre de persona |
Flores, Edmundo, |
| Fechas asociadas al nombre |
1918-2004. |
| 9 (RLIN) |
30595 |
| 245 10 - MENCIÓN DE TÍTULO |
| Título |
Tratado de economía agrícola / |
| Mención de responsabilidad, etc. |
Edmundo Flores. |
| 260 ## - PUBLICACIÓN, DISTRIBUCIÓN, ETC. |
| Lugar de publicación, distribución, etc. |
México : |
| Nombre del editor, distribuidor, etc. |
Fondo de Cultura Económica, |
| Fecha de publicación, distribución, etc. |
1961. |
| 300 ## - DESCRIPCIÓN FÍSICA |
| Extensión |
442 p. : |
| Otras características físicas |
il. ; |
| Dimensiones |
22 cm. |
| 490 1# - MENCIÓN DE SERIE |
| Mención de serie |
Sección de obras de economía |
| 500 ## - NOTA GENERAL |
| Nota general |
Cuarta reimpresión de la primera edición, 1976. |
| 504 ## - NOTA DE BIBLIOGRAFÍA, ETC. |
| Nota de bibliografía, etc. |
Bibliografía: p. 411-429. |
| 650 #0 - PUNTO DE ACCESO ADICIONAL DE MATERIA--TÉRMINO DE MATERIA |
| Término de materia o nombre geográfico como elemento de entrada |
Agricultura - |
| Subdivisión general |
Aspectos económicos |
| 9 (RLIN) |
30596 |
| 651 #4 - PUNTO DE ACCESO ADICIONAL DE MATERIA--NOMBRE GEOGRÁFICO |
| Nombre geográfico |
México |
| Subdivisión general |
Condiciones Económicas |
| Subdivisión cronológica |
1918- |
| 9 (RLIN) |
30597 |
| 650 #4 - PUNTO DE ACCESO ADICIONAL DE MATERIA--TÉRMINO DE MATERIA |
| Término de materia o nombre geográfico como elemento de entrada |
Tenencia de la tierra |
| Subdivisión geográfica |
México . |
| 9 (RLIN) |
30598 |
| 830 #0 - PUNTO DE ACCESO ADICIONAL DE SERIE-TÍTULO UNIFORME |
| Título uniforme |
Sección de obras de economía. |
| 9 (RLIN) |
30599 |
| 910 ## - DATOS DE OPCIÓN DEL USUARIO (OCLC) |
| Datos de opción del usuario |
Catalogación por copia / LC |